000 00847cam a22002774a 4500
001 12157365
003 OSt
005 20140310181655.0
008 000828s1999 nyua c 000 1 eng
010 _a 00695132
020 _a0590520938
040 _aDLC
_cDLC
042 _apcc
_alcac
050 0 0 _aPZ 7
_b.St897 1999
082 0 0 _aKF
_bSt8sw 1999
100 1 _aStrasser, Todd.
_94377
245 1 0 _aStar Wars episode 1, journal, Anakin Skywalker /
_cTodd Strasser.
260 _aNew York :
_bScholastic,
_cc1999.
300 _a112 p. :
_bcol. ill. ;
_c20 cm.
541 _j1
562 _efor circulation. 1 copy available in the collection
650 1 _aScience fiction.
_93490
906 _a7
_bcbc
_corignew
_d2
_encip
_f20
_gy-gencatlg
942 _2lcc
_cBK-KF
_kKF
999 _c1082
_d1082